000 00749nam a2200253 i 4500
001 56515
003 ES-MaACL
005 20230906163405.0
007 t|
008 031009s1981 sp ||||1| spa d
020 _a84-205-0835-7
080 _a821.111-31"18"
100 1 _aDickens, Charles.
_944489
245 1 0 _aHard times /
_cCharles Dickens ; introducción y notas, Ramón López Ortega.
250 _a1ª ed.
260 _a[Madrid] :
_bAlhambra,
_c1981.
300 _a306 p. ;
_c19 cm.
490 1 _aClásicos de la lengua inglesa ;
_v5
700 1 _aLópez Ortega, Ramón.
_973847
830 1 _aClásicos de la lengua inglesa ;
_v5
_9182414
852 4 _aES-MaACL
_jL-1695
852 4 _aES-MaACL
_jL-9342
999 _c56515
_d56515